| 000 | 00666nam a2200169 i 4500 | ||
|---|---|---|---|
| 001 | 43582 | ||
| 003 | ES-MaACL | ||
| 007 | t| | ||
| 008 | 030318s1933 sp ||||1| spa d | ||
| 245 | 0 | 0 | _aCatálogo descriptivo de memorias y estudios acerca de los criaderos minerales de España. |
| 260 |
_aMadrid : _bMinisterio de Industria y Comercio, Dirección General de Minas y Combustibles, Consejo de Minería, _c1933. |
||
| 300 |
_a1 v. en 2 t. ; _c24 cm. |
||
| 710 | 1 |
_aEspaña. _bMinisterio de Industria y Comercio. _93883 |
|
| 710 | 1 |
_aEspaña. _bDirección General de Minas y Combustibles _93756 |
|
| 852 |
_aES-MaACL _jC-7217-8 |
||
| 999 |
_c43582 _d43582 |
||